00687cam a2200217 a 4500008004100000020002200041245009400063250001200157260003700169300006100206500002000267504004100287650002300328700002200351700002300373700002000396700002600416003000100442005001700443040000900460  a0070320683 (hbk.)00aHarrison's principles of internal medicine /cedited by Kurt J. Isselbacher ... [et al.]. a9th ed. aAuckland :bMcGraw-Hill,cc1980. axxviii, 2073, [07], [120] p. of plates :bill. ;c28 cm. aIncludes index. aIncludes bibliographical references. 0aInternal medicine.1 aAdams, Raymond D. aBraunwald, Eugene. aWilson, Jean D.1 aPetersdorf, Robert G.20230120204136.0 cNUST